MARC

LEADER 00000nam0a2200000 4500
001 31928
005 20231030204644.0
010 |a 502002306X 
035 |a (RuTPU)RU\TPU\book\32223 
035 |a BOOK00000302 
090 |a 31928 
100 |a 20011210d1992 k y0rusy50 ca 
101 0 |a rus 
102 |a RU 
105 |a  001|y 
200 1 |a Ультраосновные ксенолиты базальтовых магм  |e Сборник научных статей  |f РАН, Ин-т литосферы; Под ред. Н. А. Богданова 
210 |a Москва  |c Наука  |d 1992 
215 |a 127 с. 
320 |a Библиогр.: с. 124-125. 
610 1 |a геология 
610 1 |a ксенолиты 
610 1 |a кора 
610 1 |a мантия 
610 1 |a базальты 
610 1 |a рифтинг 
610 1 |a Байкальская зона 
610 1 |a вулканизм 
610 1 |a Северная Болгария 
610 1 |a Центральная Атлантика 
610 1 |a Канарские острова 
675 |a 552.323  |v 3 
702 1 |a Богданов  |b Н. А 
712 0 2 |a Российская академия наук (РАН)  |b Институт литосферы (ИЛ)  |c (Москва)  |c (1991-1998)  |2 stltpush  |3 (RuTPU)RU\TPU\col\14624 
801 0 |a RU  |b 63413507  |c 20011210  |g PSBO 
801 2 |a RU  |b 63413507  |c 20170111  |g PSBO 
942 |c BK